European Cup / UEFA Champions League Winners Record Goalscorers - Statistics

General Stats
  • This quiz has been taken 629 times
  • The average score is 8 of 24
Answer Stats
Hint Answer % Correct
🏆15x Real Madrid (SPA) | ⚽ | 🥇4x Cristiano Ronaldo (POR | 2009-2018): 450 goals / 438 apps (ratio: 1.03)
99%
🏆5x Barcelona (SPA) | ⚽ | 🥇4x Lionel Messi (ARG | 2004-2021): 672 goals / 778 apps (ratio: 0.86)
93%
🏆6x Bayern München (GER) | 🥇3x Gerd Müller (GER | 1964-1979): 565 goals / 607 apps (ratio: 0.93)
90%
🏆3x Manchester United (ENG) | 🥇1x Wayne Rooney (ENG | 2004-2017): 253 goals / 559 apps (ratio: 0.45)
78%
🏆2x Chelsea (ENG) | 🥇1x Frank Lampard (ENG | 2001-2014): 211 goals / 648 apps (ratio: 0.32)
67%
🏆4x Ajax (NET) | 🥇3x Johan Cruyff (NET | 1964-1973; 1981-1983): 270 goals / 369 apps (ratio: 0.73)
67%
🏆2x Benfica (POR) | 🥇1x Eusébio (POR | 1961-1975): 440 goals / 473 apps (ratio: 0.93)
61%
🏆2x Juventus (ITA) | 🥇1x Alessandro Del Piero (ITA | 1993-2012): 290 goals / 705 apps (ratio: 0.41)
59%
🏆1x Paris Saint-Germain (FRA) | ⚽ Kylian Mbappé (FRA | 2017-2024): 256 goals / 308 apps (ratio: 0.83)
59%
🏆1x Manchester City (ENG) Sergio Agüero (ARG | 2011-2021): 260 goals / 390 apps (ratio: 0.66)
57%
🏆6x Liverpool (ENG) | 🥇2x Ian Rush (WAL | 1980-1987; 1988-1996): 346 goals / 660 apps (ratio: 0.52)
49%
🏆3x Internazionale Milano (ITA) | 🚫 Giuseppe Meazza (ITA | 1927-1940; 1946-1947): 287 goals / 408 apps (ratio: 0.70)
20%
🏆7x AC Milan (ITA) Gunnar Nordahl (SWE | 1949-1956): 221 goals / 268 apps (ratio: 0.82)
9%
🏆1x Hamburger (GER) Uwe Seeler (GER | 1953-1972) 490 goals / 580 apps (ratio: 0.84)
6%
🏆1x Celtic (SCO) | 🚫 Jimmy McGrory (SCO | 1922-1937): 502 goals / 477 apps (ratio: 1.05)
2%
🏆2x Porto (POR) | 🥇1x Fernando Gomes (POR | 1974-1980; 1982-1989): 355 goals / 451 apps (ratio: 0.78)
2%
🏆1x PSV Eindhoven (NET) Willy van der Kuijlen (NET | 1964-1981): 308 goals / 528 apps (ratio: 0.58)
2%
🏆1x Feyenoord (NET) Cor van der Gijp (NET | 1955-1964): 171 goals / 233 apps (ratio: 0.73)
1%
🏆1x Borussia Dortmund (GER) Alfred Preißler (GER | 1945-1950; 1952-1959): 177 goals / 274 apps (ratio: 0.64)
0%
🏆1x Aston Villa (ENG) | 🚫 Billy Walker (ENG | 1919-1933): 244 goals / 531 apps (ratio: 0.45)
0%
🏆1x FCSB / formerly Steaua București (ROM) | 🥇1x Anghel Iordănescu (ROM | 1968-1982; 1986): 155 goals / 317 apps (ratio: 0.48)
0%
🏆1x Crvena zvezda / Red Star Belgrade (SER) Bora Kostić (SER | 1951-61; 1962-66): 230 goals / 341 apps (ratio: 0.67)
0%
🏆2x Nottingham Forest (ENG) | 🚫 Grenville Morris (WAL | 1898-1913): 217 goals / 460 apps (ratio: 0.47)
0%
🏆1x Olympique de Marseille (FRA) Gunnar Andersson (SWE | 1950-1958): 194 goals / 248 apps (ratio: 0.78)
0%
No matching quizzes found
Score Distribution
Percent of People with Each Score
Percentile by Number Answered
Your Score History
You have not taken this quiz